Pasaporte a la utopía: literatura, individuo y modernidad en Europa, 1680-1780

Gardado en:
Detalles Bibliográficos
Autor Principal: Paredes, Rogelio C. (autor)
Formato: Libro
Idioma:Lingua castelá
Publicado: Madrid Miño y Dávila 2004
Edición:1a. ed
Series:Colección Ideas en Debate. Serie Historia Antigua y Moderna
Subjects:
Tags: Engadir etiqueta
Sen Etiquetas, Sexa o primeiro en etiquetar este rexistro!

MARC

LEADER 00000nam a2200000 a 4500
001 UCK0477
003 CL-VaPUC
008 041008e20040000SP |||||||||||||||||spa|d
020 |a 8495294583 
082 0 4 |a 801.3  |b PAR  |2 21 
100 |a Paredes, Rogelio C.  |e autor  |9 488451 
245 1 0 |a Pasaporte a la utopía: literatura, individuo y modernidad en Europa, 1680-1780 
250 |a 1a. ed 
300 |a 184 p 
942 |c BK 
945 |d 20041008 00:00:00  |a cmena 
260 |a Madrid  |b Miño y Dávila  |c 2004 
650 0 |a Filosofía de la literatura  |9 267374 
650 0 |a Crítica e interpretación literaria  |9 266284 
650 0 |a Antropología cultural y social   |9 265143 
583 |a last modification  |c 20130306 11:25:50  |k Rodrigo Vera 
490 0 |a Colección Ideas en Debate. Serie Historia Antigua y Moderna 
999 |c 310914  |d 310912 
952 |0 0  |1 0  |4 0  |6 801_300000000000000_PAR_2004  |7 0  |8 A  |9 379964  |a BIBEDU  |b BIBEDU  |d 2019-11-21  |i 4066847  |o 801.3 PAR 2004  |p 4066847  |r 2019-11-21  |w 2019-11-21  |y BK  |k LIT 
952 |0 0  |1 0  |4 0  |6 801_300000000000000_PAR_2004  |7 0  |8 A  |9 379965  |a BIBHIS  |b BIBHIS  |d 2019-11-21  |i 4345827  |o 801.3 PAR 2004  |p 4345827  |r 2025-01-20  |w 2019-11-21  |y BK  |k HIS